[Event "Dulles Cherry Blossom op"]
[Site "Dulles"]
[Date "2019.05.24"]
[Round "2"]
[White "Li, Beilin"]
[Black "Barrientos Chavarriaga, Sergio E"]
[Result "0-1"]
[WhiteElo "2071"]
[BlackElo "2487"]
[PlyCount "78"]
[EventDate "2019.05.23"]
[EventType "swiss"]
[EventRounds "9"]
[EventCountry "USA"]
[SourceTitle "CBM 190 Extra"]
[Source "ChessBase"]
[SourceDate "2019.07.15"]
[SourceVersion "1"]
[SourceVersionDate "2019.07.15"]
[SourceQuality "1"]

1. e4 c5 2. Nc3 g6 3. g3 Bg7 4. Bg2 Nc6 5. d3 e6 6. Be3 d6 7. Qd2 h6 8. Nf3 Nd4 9. Bxd4 cxd4 10. Nb5 e5 11. Qb4 Ke7 12. Qc4 Be6 13. Qc7+ Qd7 14. a4 a6 15. Qxd7+ Kxd7 16. Na3 Ne7 17. Ke2 Nc6 18. Nd2 Rab8 19. Nac4 b5 20. axb5 axb5 21. Na5 Ne7 22. Nab3 Rhc8 23. Rhc1 h5 24. c3 dxc3 25. Rxc3 Nc6 26. Ra6 Bh6 27. Na5 Nd4+ 28. Ke1 Bxd2+ 29. Kxd2 b4 30. Ra7+ Kd8 31. Rxc8+ Rxc8 32. Nc4 Bxc4 33. dxc4 Rxc4 34. Rxf7 Rc2+ 35. Kd3 Rxb2 36. Bh3 Ke8 37. Rd7 Rxf2 38. Rxd6 b3 39. Rb6 Rxh2 0-1

[Event "Calchess State"]
[Site "Union City"]
[Date "2018.09.02"]
[Round "4"]
[White "Li, Beilin"]
[Black "Sevillano, Enrico"]
[Result "0-1"]
[WhiteElo "2039"]
[BlackElo "2423"]
[PlyCount "43"]
[EventDate "2018.09.01"]
[EventType "swiss"]
[EventRounds "6"]
[EventCountry "USA"]
[SourceTitle "CBM 186 Extra"]
[Source "ChessBase"]
[SourceDate "2018.08.24"]
[SourceVersion "1"]
[SourceVersionDate "2018.08.24"]
[SourceQuality "1"]

1. e4 c5 2. Nc3 Nc6 3. g3 g6 4. Bg2 Bg7 5. d3 d6 6. Be3 Rb8 7. Qd2 b5 8. Nge2 h5 9. h3 Nd4 10. Nc1 Qa5 11. f4 Nf6 12. 0-0 b4 13. N3e2 Nxe2+ 14. Nxe2 Nd7 15. d4 Ba6 16. Rf2 Bxe2 17. Rxe2 cxd4 18. Bxd4 Bxd4+ 19. Qxd4 Qb6 20. Rd1 h4 21. e5 dxe5 22. fxe5 0-1

[Event "PRO League Stage"]
[Site "Chess.com INT"]
[Date "2017.02.22"]
[Round "7"]
[White "Li, Beilin"]
[Black "Narayanan, Samrug"]
[Result "1-0"]
[WhiteElo "1780"]
[BlackElo "1777"]
[PlyCount "37"]
[EventDate "2017.01.11"]
[EventType "team-swiss (rapid)"]
[EventRounds "7"]
[EventCountry "USA"]
[SourceTitle "EXT 2018"]
[Source "ChessBase"]
[SourceDate "2017.10.13"]
[SourceVersion "1"]
[SourceVersionDate "2017.10.13"]
[SourceQuality "1"]
[WhiteTeam "Pittsburgh Pawngrabbers"]
[BlackTeam "Minnesota Blizzard"]
[WhiteTeamCountry "USA"]
[BlackTeamCountry "USA"]

1. e4 e6 2. d3 d5 3. Nd2 c5 4. Ngf3 Nc6 5. g3 Bd6 6. Bg2 Nge7 7. 0-0 Qc7 8. Nh4 0-0 9. f4 f6 10. c3 a6 11. Re1 b5 12. exd5 exd5 13. Qh5 f5 14. Ndf3 h6 15. Ng6 Nxg6 16. Qxg6 Bd7 17. Ng5 hxg5 18. Bxd5+ Kh8 19. Qh5# 1-0